000 00658nam a2200265Ia 4500
005 20260121165746.0
008 008 260114s9999 xx 000 0 eng d
020 _a9783662538876
037 _aEBOOK
040 _aCRL
040 _beng
040 _cCRL
041 _2eng
041 _aeng
084 _qCRL
100 _aJung Hee Cheon, Tsuyoshi Takagi
_91055682
245 0 _aAdvances in Cryptology – ASIACRYPT 2016
260 _bSpringer
260 _bSpringer
260 _c2016
856 _uhttps://link.springer.com/openurl?genre=book&isbn=978-3-662-53887-6
942 _cEBOOK
999 _c1621410
_d1621410